| 000 | 00557nam a22001937a 4500 | ||
|---|---|---|---|
| 003 | 0 | ||
| 005 | 20240416130116.0 | ||
| 008 | 240416b xxu||||| |||| 00| 0 eng d | ||
| 020 | _a978-1-250-16623-4 | ||
| 050 |
_aTR _bCh464 2019 |
||
| 082 |
_aTR _bCh464 2019 |
||
| 245 | _aCharlie Chaplin | ||
| 250 | _aFirst edition | ||
| 260 |
_aNew York _bRoaring Book Press _cc2015. |
||
| 300 |
_aunpaged : _bcolored illustrations ; _c15cm. |
||
| 600 |
_2 Chaplin, Charlie, 1889-1977. _91 |
||
| 650 | _a Chaplin, Charlie, 1889-1977--Biography. | ||
| 942 |
_2ddc _cBK |
||
| 999 |
_c365938 _d365938 |
||